banner-ar

التاريخ الاسلامى المعروف باسم التاريخ المظفرى : الجزء الاول من البعثة النبوية الى نهاية الدولة الاموية / (Record no. 46268)

MARC details
000 -الفاتح
حقل البيانات ثابتة الطول 00934nam a2200193Ia 4500
008 - عناصر البيانات ثابتة الطول - معلومات عامة
حقل البيانات ثابتة الطول 140319s9999 xx 000 0 ara d
040 ## - مصدر الفهرسة
وكالة الفهرسة الأصلية GCL /
وكالة النسخ GCL
082 04 - رقم تصنيف ديوى العشرى
رقم التصنيف 953
رقم المادة ا ت
100 1# - المدخل الرئيسى - إسم شخصى
الإسم الشخصى ابن ابى الدم : ابو اسحاق شهاب الدين ابراهيم بن عبدالله بن عبدالمنعم الهمدانى
245 10 - بيان العنوان
العنوان التاريخ الاسلامى المعروف باسم التاريخ المظفرى : الجزء الاول من البعثة النبوية الى نهاية الدولة الاموية /
بيان المسئوليه,etc ابن ابى الدم : ابو اسحاق شهاب الدين ابراهيم بن عبدالله بن عبدالمنعم الهمدانى
700 1# - المدخل الاضافى - اسم شخصى
الإسم الشخصى حامد زيان غانم زيان
300 ## - الوصف المادى
التعداد 346 ص
490 ## - بيان السلسلة
عنوان السلسلة
650 04 - المدخل الاضافى بالموضوع-مصطلح موضوعى
مصطلح موضوعي السيرة النبوية
650 04 - المدخل الاضافى بالموضوع-مصطلح موضوعى
مصطلح موضوعي التاريخ الاسلامى
650 04 - المدخل الاضافى بالموضوع-مصطلح موضوعى
مصطلح موضوعي الدولة الاموية
942 ## - عناصر المدخل الإضافي( كوها)
مصدر التصنيف او مخطط الترفيف Dewey Decimal Classification
Koha [default] item type كتاب
Holdings
حالة التراجع حالة الفقد حالة تلف ليس للاعارة المكان المؤقت الموقع الحالى تاريخ الاكتساب اجمالي اﻻعارات رقم الطلب الباركود تاريخ اخر مشاهدة تاريخ تفعيل السعر نوع وعاء كوها
        مكتبة القاهرة الكبرى مكتبة القاهرة الكبرى 03/26/2014   953\ا ت 112588 03/26/2014 03/26/2014 كتاب

Powered By

EGPV